[Event "Chicago op"]
[Site "Wheeling USA"]
[Date "2014.05.24"]
[Round "5.13"]
[White "Margvelashvili, Giorgi"]
[Black "Samsonkin, Artiom"]
[Result "1-0"]
[WhiteElo "2550"]
[BlackElo "2415"]
[PlyCount "129"]
[EventDate "2014.05.22"]
[EventType "swiss"]
[EventRounds "9"]
[EventCountry "USA"]
[Source "Chess Mix"]

1. d4 Nf6 2. c4 e6 3. Nf3 Bb4+ 4. Bd2 Qe7 5. g3 Nc6 6. Nc3 Bxc3 7. Bxc3 Ne4 8.
Rc1 d6 9. d5 Nxc3 10. Rxc3 Nd8 11. Bg2 e5 12. c5 O-O 13. cxd6 cxd6 14. O-O f5
15. Qc2 Nf7 16. Rc7 Qf6 17. Rc1 e4 18. Nd2 Qd4 19. Nb3 Qxd5 20. Rxc8 Raxc8 21.
Qxc8 Rxc8 22. Rxc8+ Nd8 23. Rxd8+ Kf7 24. Rc8 a5 25. e3 a4 26. Nd4 Qxa2 27. Rc2
Kf6 28. Bf1 Qb1 29. Rc4 g5 30. Rxa4 f4 31. Rb4 fxe3 32. fxe3 Qc1 33. Rb3 Qd2
34. Be2 b5 35. Bxb5 h5 36. Bf1 h4 37. gxh4 gxh4 38. h3 Qe1 39. Ne2 d5 40. Rc3
Qb1 41. Rc5 Qd3 42. Rc6+ Kf7 43. Rc3 Qb1 44. b3 Kf6 45. Kf2 Qb2 46. Rc6+ Ke7
47. Rh6 d4 48. exd4 Qxb3 49. Rxh4 Qf3+ 50. Kg1 Qe3+ 51. Kh1 Kf6 52. Rf4+ Kg5
53. Kg2 Kh6 54. Rh4+ Kg7 55. Rg4+ Kh6 56. Rg3 Qd2 57. Kf2 Qb4 58. Bg2 Qf8+ 59.
Kg1 Qb4 60. Re3 Qb1+ 61. Kh2 Qb8+ 62. Ng3 Qd6 63. Rxe4 Kg5 64. Rg4+ Kh6 65. h4
1-0

[Event "Chicago op"]
[Site "Wheeling USA"]
[Date "2014.05.25"]
[Round "6.20"]
[White "Samsonkin, Artiom"]
[Black "Eckert, Doug"]
[Result "1-0"]
[WhiteElo "2415"]
[BlackElo "2255"]
[PlyCount "69"]
[EventDate "2014.05.22"]
[EventType "swiss"]
[EventRounds "9"]
[EventCountry "USA"]
[Source "Chess Mix"]

1. e4 e5 2. Nf3 Nf6 3. d4 Nxe4 4. dxe5 d5 5. Nbd2 Nc5 6. Nb3 Ne6 7. Nbd4 Nxd4
8. Nxd4 Bc5 9. Nf3 c6 10. Bd3 Bg4 11. h3 Bh5 12. g4 Bg6 13. Bg5 Qa5+ 14. c3 Qb6
15. b4 Bxf2+ 16. Ke2 h6 17. Bf4 Bxd3+ 18. Qxd3 g5 19. Bh2 Bh4 20. Rhf1 Qa6 21.
Nd4 Qxd3+ 22. Kxd3 Nd7 23. Nf5 Rh7 24. Nd6+ Ke7 25. Nxb7 h5 26. Nd6 hxg4 27.
Nf5+ Ke8 28. hxg4 Nf8 29. Rf3 Ne6 30. Raf1 Nd8 31. Bg1 a5 32. a3 axb4 33. axb4
Nb7 34. e6 fxe6 35. Nxh4 1-0

[Event "Chicago op"]
[Site "Wheeling USA"]
[Date "2014.05.26"]
[Round "9.14"]
[White "Yanayt, Eugene"]
[Black "Samsonkin, Artiom"]
[Result "0-1"]
[WhiteElo "2226"]
[BlackElo "2415"]
[PlyCount "74"]
[EventDate "2014.05.22"]
[EventType "swiss"]
[EventRounds "9"]
[EventCountry "USA"]
[Source "Chess Mix"]

1. d4 Nf6 2. c4 e6 3. g3 Bb4+ 4. Bd2 Qe7 5. Bg2 Nc6 6. e3 Bxd2+ 7. Qxd2 d6 8.
Nc3 O-O 9. Nge2 e5 10. d5 Nb8 11. O-O a5 12. h3 Na6 13. g4 h5 14. g5 Nd7 15. f4
Nac5 16. Ng3 g6 17. Rf2 f5 18. gxf6 Nxf6 19. Raf1 e4 20. Qc2 Bf5 21. Rd2 h4 22.
Nh1 Nh5 23. Rd4 Rae8 24. a3 Qg7 25. Kh2 Nd3 26. Bxe4 Ndxf4 27. Bxf5 Rxe3 28.
Re4 Rxe4 29. Bxe4 Qe5 30. Rf3 Nd3+ 31. Kg1 Rxf3 32. Bxf3 Qe3+ 33. Nf2 Nhf4 34.
Bg2 Qe1+ 35. Kh2 Nxf2 36. Ne4 Ne2 37. Nf6+ Kf7 0-1

[Event "Toronto op"]
[Site "Toronto, CAN"]
[Date "2014.04.18"]
[Round "1"]
[White "Samsonkin, Artiom"]
[Black "Ivanov, Mike"]
[Result "1-0"]
[WhiteElo "2543"]
[BlackElo "2265"]
[PlyCount "65"]
[EventDate "2014.04.18"]
[EventType "swiss"]
[EventRounds "6"]
[EventCountry "CAN"]

1. e4 e6 2. d4 d5 3. e5 c5 4. c3 Qb6 5. Nf3 Bd7 6. a3 Bb5 7. c4 Bxc4 8. Bxc4
dxc4 9. d5 Qb3 10. Qxb3 cxb3 11. dxe6 fxe6 12. Nbd2 Nc6 13. Nxb3 O-O-O 14. O-O
Rd3 15. Nbd2 Nh6 16. Ne4 Nf7 17. Be3 b6 18. Rfc1 Rb3 19. Rab1 Nfxe5 20. Nfd2
Rd3 21. b4 Nd4 22. Bxd4 Rxd4 23. bxc5 Kb7 24. Rc2 Nd3 25. Rc3 Nf4 26. Rf3 Nd5
27. Rf7+ Ka6 28. Kf1 Bxc5 29. Nxc5+ bxc5 30. Nb3 Rc4 31. Rd7 Re8 32. a4 Nb4 33.
Rd6+ 1-0

[Event "Toronto op"]
[Site "Toronto, CAN"]
[Date "2014.04.18"]
[Round "2"]
[White "Southam, David"]
[Black "Samsonkin, Artiom"]
[Result "0-1"]
[WhiteElo "2208"]
[BlackElo "2543"]
[PlyCount "120"]
[EventDate "2014.04.18"]
[EventType "swiss"]
[EventRounds "6"]
[EventCountry "CAN"]

1. d4 Nf6 2. Nf3 e6 3. e3 c5 4. Bd3 Nc6 5. c3 d5 6. Nbd2 Bd6 7. O-O O-O 8. dxc5
Bxc5 9. e4 Bb6 10. Qe2 Bc7 11. Re1 e5 12. b3 Bg4 13. Bb2 dxe4 14. Nxe4 Nd5 15.
Bc4 Nf4 16. Qf1 Bxf3 17. gxf3 Kh8 18. Rad1 Qe7 19. Bc1 f5 20. Ng3 Qh4 21. Bxf4
exf4 22. Ne2 Rf6 23. h3 Rg6+ 24. Kh2 Qh5 25. Bd5 Rd6 26. Ng1 Qh4 27. Bxc6 Rxc6
28. c4 Bb6 29. Re2 h6 30. Rd7 Rg6 31. b4 Rd8 32. Rxd8+ Bxd8 33. c5 Kh7 34. Rd2
Be7 35. a3 a5 36. Rd5 axb4 37. axb4 Qg5 38. Ne2 Ra6 39. Nd4 Bf6 40. Qg2 Ra2 41.
Qxg5 hxg5 42. Nxf5 Rxf2+ 43. Kg1 Rxf3 44. Rd7 Kg6 45. Ne7+ Kh5 46. Nf5 Kg6 47.
Ne7+ Kh5 48. Nf5 Rxh3 49. Nxg7+ Kg4 50. Ne6 Re3 51. Nc7 Kg3 52. Rd1 Bd4 53. Kf1
Rb3 54. Nb5 Bxc5 55. Rc1 Be3 56. Rd1 Rb2 57. Nd6 Rh2 58. Ne4+ Kg4 59. Rd5 f3
60. Nf6+ Kh3 0-1

[Event "Toronto op"]
[Site "Toronto, CAN"]
[Date "2014.04.19"]
[Round "3"]
[White "Sambuev, Bator"]
[Black "Samsonkin, Artiom"]
[Result "1/2-1/2"]
[WhiteElo "2727"]
[BlackElo "2543"]
[PlyCount "112"]
[EventDate "2014.04.18"]
[EventType "swiss"]
[EventRounds "6"]
[EventCountry "CAN"]

1. d4 Nf6 2. Nf3 e6 3. e3 c5 4. Bd3 Nc6 5. O-O d5 6. b3 Bd6 7. Bb2 O-O 8. a3 b6
9. Nbd2 Bb7 10. Qe2 Rc8 11. Ne5 Ne7 12. dxc5 Bxc5 13. Rad1 Qc7 14. c4 Ng6 15.
Nxg6 hxg6 16. cxd5 Nxd5 17. Nc4 b5 18. Ne5 Bd6 19. Rc1 Qe7 20. b4 a6 21. Bd4
Rxc1 22. Rxc1 Rc8 23. Rxc8+ Bxc8 24. Qc2 Qc7 25. Qxc7 Bxc7 26. f4 g5 27. fxg5
Nxe3 28. Nxf7 Nf5 29. Bxf5 exf5 30. g6 Bd7 31. h3 Be8 32. Ng5 Bf4 33. Ne6 Bc1
34. Nxg7 Bxg6 35. Ne6 Bxa3 36. Bc3 a5 37. bxa5 b4 38. a6 Be8 39. a7 Bc6 40. Ba1
b3 41. Nd4 Bc5 42. Kf1 Bxd4 43. Bxd4 f4 44. Be5 Kf7 45. Kf2 Ke6 46. Bg7 Kf5 47.
Bb2 Bb7 48. Bc1 Ba8 49. g3 fxg3+ 50. Kxg3 Bb7 51. Kh4 Bf3 52. Bb2 Kg6 53. Kg3
Bb7 54. Kg4 Bc8+ 55. Kf4 Bb7 56. Bc3 Kh5 1/2-1/2

[Event "Toronto op"]
[Site "Toronto, CAN"]
[Date "2014.04.19"]
[Round "4"]
[White "Samsonkin, Artiom"]
[Black "Sapozhnikov, Roman"]
[Result "0-1"]
[WhiteElo "2543"]
[BlackElo "2385"]
[PlyCount "114"]
[EventDate "2014.04.18"]
[EventType "swiss"]
[EventRounds "6"]
[EventCountry "CAN"]

1. e4 e5 2. Nf3 Nc6 3. Bc4 Bc5 4. c3 Nf6 5. d3 h6 6. O-O d6 7. Bb3 O-O 8. Nbd2
Be6 9. Re1 Re8 10. Bxe6 Rxe6 11. b4 Bb6 12. a4 a6 13. Nc4 Ba7 14. Rb1 b5 15.
Ne3 d5 16. Qc2 bxa4 17. exd5 Nxd5 18. Nxd5 Qxd5 19. c4 Qd7 20. Be3 a5 21. b5
Nb4 22. Qxa4 Nxd3 23. Qxa5 e4 24. b6 cxb6 25. Qd5 Rd8 26. Qxd7 Rxd7 27. Nd4
Nxe1 28. Rxe1 Red6 29. Nb5 Rd1 30. Kf1 Rxe1+ 31. Kxe1 f5 32. h4 h5 33. Bf4 g6
34. Ke2 Kf7 35. Ke3 Ke7 36. Be5 Ke6 37. Bf4 Rb7 38. Nd6 b5+ 39. Ke2 Rd7 40.
Nxb5 Bb6 41. g3 Rd3 42. Nc7+ Bxc7 43. Bxc7 Rc3 44. Bb6 Rxc4 45. Be3 Rc2+ 46.
Kf1 Kd5 47. Kg2 Kc4 48. Bb6 Kd3 49. Ba7 Re2 50. Kh3 e3 51. fxe3 Ke4 52. Bb6 Kf3
53. Bc5 Rxe3 54. Bd6 Re1 55. Kh2 Kg4 56. Kg2 Re2+ 57. Kf1 Kf3 0-1

[Event "Toronto op"]
[Site "Toronto, CAN"]
[Date "2014.04.20"]
[Round "5"]
[White "Itkin, David"]
[Black "Samsonkin, Artiom"]
[Result "1/2-1/2"]
[WhiteElo "2206"]
[BlackElo "2543"]
[PlyCount "131"]
[EventDate "2014.04.18"]
[EventType "swiss"]
[EventRounds "6"]
[EventCountry "CAN"]

1. e4 d5 2. exd5 Qxd5 3. Nf3 Bg4 4. Be2 Nc6 5. d4 O-O-O 6. c4 Qa5+ 7. Bd2 Qf5
8. Be3 Nf6 9. Nbd2 e5 10. d5 Nb4 11. O-O Nc2 12. Rc1 Nxe3 13. fxe3 Bc5 14. Rc3
Qf4 15. Kh1 Bxe3 16. Ne1 Qg5 17. Rxe3 Qxe3 18. Bxg4+ Kb8 19. Nc2 Qg5 20. Be2 e4
21. Nd4 Qe5 22. N2b3 Ka8 23. Na5 Rd6 24. Rf5 Qe7 25. Qa4 Rb8 26. b4 g6 27. Nac6
bxc6 28. Nxc6 Rxc6 29. Qxc6+ Rb7 30. Rxf6 Kb8 31. Qc5 Qxc5 32. bxc5 Rb2 33. c6
Rxe2 34. h3 a5 35. Rxf7 Rd2 36. Rf8+ Ka7 37. Rc8 Kb6 38. c5+ Kxc5 39. Rxc7 Rxd5
40. Re7 Kxc6 41. Rxe4 Rd2 42. a4 Kc5 43. Re7 Kb4 44. Rxh7 Kxa4 45. Rh6 Rd6 46.
h4 Kb3 47. Kh2 a4 48. h5 a3 49. Rxg6 a2 50. Rxd6 a1=Q 51. Rd3+ Kc2 52. Rh3 Qe5+
53. Kh1 Qe1+ 54. Kh2 Qe5+ 55. Kh1 Qg7 56. h6 Qh7 57. Kg1 Kd2 58. Kh1 Ke2 59.
Kg1 Ke1 60. Re3+ Kd2 61. Rh3 Ke2 62. Kh1 Qb1+ 63. Kh2 Qb8+ 64. Kh1 Qb1+ 65. Kh2
Kf2 66. Rf3+ 1/2-1/2

[Event "Toronto op"]
[Site "Toronto, CAN"]
[Date "2014.04.20"]
[Round "6"]
[White "Samsonkin, Artiom"]
[Black "Derraugh, Geordie"]
[Result "1-0"]
[WhiteElo "2543"]
[BlackElo "2368"]
[PlyCount "135"]
[EventDate "2014.04.18"]
[EventType "swiss"]
[EventRounds "6"]
[EventCountry "CAN"]

1. e4 c5 2. Nf3 d6 3. d4 cxd4 4. Qxd4 Nc6 5. Bb5 Bd7 6. Qd3 Nf6 7. O-O g6 8. c4
Bg7 9. Nc3 O-O 10. h3 Rc8 11. Be3 a6 12. Bxc6 Bxc6 13. Rac1 Qa5 14. Nd4 e6 15.
Rfd1 Rfd8 16. a3 Qh5 17. b4 Be8 18. Nde2 d5 19. cxd5 exd5 20. exd5 Bc6 21. Ng3
Qh4 22. Bb6 Rd7 23. Qd4 Qxd4 24. Bxd4 Nxd5 25. Bxg7 Nxc3 26. Bxc3 Rxd1+ 27.
Rxd1 Bxg2 28. Kxg2 Rxc3 29. Rd6 Rxa3 30. Rb6 a5 31. bxa5 Rxa5 32. Rxb7 Kg7 33.
Ne4 Rd5 34. Kg3 h6 35. h4 Rd1 36. f3 Rg1+ 37. Kf4 Rh1 38. Kg4 Rg1+ 39. Ng3 h5+
40. Kf4 Rd1 41. Ne4 Rd5 42. Kg3 Kf8 43. Rc7 Kg7 44. Ng5 Rf5 45. Rd7 Kf8 46. Ne4
Kg8 47. Nd6 Rf6 48. Rd8+ Kh7 49. f4 Re6 50. Nxf7 Re1 51. Ng5+ Kg7 52. Rd7+ Kg8
53. Nf3 Re3 54. Kf2 Re4 55. Rd4 Re6 56. Ne5 Ra6 57. Rd7 Ra2+ 58. Kf3 Ra3+ 59.
Ke4 Ra4+ 60. Rd4 Ra6 61. Rc4 Kg7 62. Rc7+ Kh6 63. Nf7+ Kg7 64. Ng5+ Kg8 65. Ke5
Kh8 66. Ne6 Rb6 67. Kf6 Rb8 68. Kxg6 1-0

[Event "North American op"]
[Site "Las Vegas USA"]
[Date "2013.12.28"]
[Round "6.8"]
[White "Yang, Darwin"]
[Black "Samsonkin, Artiom"]
[Result "1/2-1/2"]
[WhiteElo "2468"]
[BlackElo "2413"]
[PlyCount "74"]
[EventDate "2013.12.26"]
[EventType "swiss"]
[EventRounds "9"]
[EventCountry "USA"]
[Source "Mark Crowther"]
[SourceDate "2013.12.30"]

1. d4 Nf6 2. c4 g6 3. Nc3 Bg7 4. e4 d6 5. f3 Nc6 6. d5 Ne5 7. f4 Ned7 8. Nh3
O-O 9. Nf2 c6 10. Be2 cxd5 11. cxd5 a6 12. a4 a5 13. Be3 b6 14. O-O Nc5 15. Bd4
e6 16. Bc4 exd5 17. Nxd5 Bb7 18. Nxf6+ Bxf6 19. Ng4 Nxe4 20. Nxf6+ Nxf6 21. f5
d5 22. Bd3 Ne4 23. Qc1 g5 24. f6 Kh8 25. Qe3 Qd6 26. Rf5 Rae8 27. Rxg5 Nxg5 28.
Qxg5 Rg8 29. Qh5 Re4 30. Bxe4 dxe4 31. Be3 Qxf6 32. Rd1 Qg6 33. Qxg6 Rxg6 34.
Rd7 Bc6 35. Bd4+ f6 36. Rd6 Bxa4 37. Rxf6 Rxf6 1/2-1/2

[Event "North American op"]
[Site "Las Vegas USA"]
[Date "2013.12.29"]
[Round "7.7"]
[White "Shabalov, Alexander"]
[Black "Samsonkin, Artiom"]
[Result "0-1"]
[WhiteElo "2528"]
[BlackElo "2413"]
[PlyCount "76"]
[EventDate "2013.12.26"]
[EventType "swiss"]
[EventRounds "9"]
[EventCountry "USA"]
[Source "Mark Crowther"]
[SourceDate "2013.12.30"]

1. d4 Nf6 2. c4 g6 3. Nc3 Bg7 4. e4 d6 5. Be2 O-O 6. Bg5 Nbd7 7. Nf3 h6 8. Be3
e5 9. dxe5 dxe5 10. Nd2 c6 11. a3 Qe7 12. b4 Rd8 13. Qc1 Nf8 14. Nb3 Ne6 15.
Bxh6 Bxh6 16. Qxh6 Nd4 17. Bd1 Be6 18. h4 Bxc4 19. Nd2 Ba6 20. Rc1 Ne6 21. g3
Qd6 22. Nb3 Bd3 23. h5 Qf8 24. Qe3 Bc4 25. hxg6 Rd3 26. gxf7+ Kxf7 27. Qh6 Qxh6
28. Rxh6 Rxd1+ 29. Nxd1 Bxb3 30. Ne3 Nd4 31. Kf1 Nxe4 32. Rh7+ Kg6 33. Rxb7 Rf8
34. Ng4 Kh5 35. Re1 Nd2+ 36. Kg2 Kxg4 37. Rxe5 Bd5+ 38. f3+ N2xf3 0-1

[Event "Hart House Holidays op"]
[Site "Toronto CAN"]
[Date "2013.12.21"]
[Round "3"]
[White "Samsonkin, Artiom"]
[Black "Sambuev, Bator"]
[Result "0-1"]
[WhiteElo "2552"]
[BlackElo "2696"]
[PlyCount "84"]
[EventDate "2013.12.20"]
[EventType "swiss"]
[EventRounds "5"]
[EventCountry "CAN"]

1. e4 d6 2. d4 Nf6 3. Nc3 e5 4. Nf3 Nbd7 5. g4 Nxg4 6. Rg1 Ngf6 7. Be3 c6 8.
Qd2 b5 9. a3 Qc7 10. O-O-O a5 11. dxe5 dxe5 12. Bh3 b4 13. Na4 bxa3 14. Kb1 Rb8
15. b3 Rb4 16. Ka2 Nxe4 17. Bxd7+ Bxd7 18. Qxd7+ Qxd7 19. Rxd7 Kxd7 20. Nxe5+
Ke6 21. Nxc6 Bd6 22. Nxb4 axb4 23. f3 Rc8 24. fxe4 Rxc2+ 25. Kb1 Re2 26. Bd4
Rd2 27. e5 Bb8 28. Nc5+ Kd5 29. Na6 Kxd4 30. Nxb8 Rb2+ 31. Ka1 Rxb3 32. Rxg7
Rf3 33. Rg1 b3 34. Nc6+ Kd5 35. Na5 Rc3 36. Re1 h5 37. h4 Ke6 38. Kb1 Kf5 39.
Nb7 Rc2 40. Ka1 a2 41. Rf1+ Kg4 42. Na5 b2+ 0-1

[Event "CAN-op"]
[Site "Ottawa CAN"]
[Date "2013.07.13"]
[Round "1"]
[White "Moran-Venegas, Mario"]
[Black "Samsonkin, Artiom"]
[Result "0-1"]
[WhiteElo "1880"]
[BlackElo "2557"]
[PlyCount "96"]
[EventDate "2013.07.13"]
[EventType "swiss"]
[EventRounds "9"]
[EventCountry "CAN"]

1. e4 d5 2. exd5 Qxd5 3. Nc3 Qa5 4. d4 Nf6 5. Bc4 Bg4 6. f3 Bf5 7. Nge2 c6 8.
Bb3 Nbd7 9. Bd2 Qb6 10. Be3 e6 11. Qd2 Qc7 12. O-O-O h5 13. Ng3 Bg6 14. Bf4 Bd6
15. Bxd6 Qxd6 16. Nge4 Qc7 17. Qf2 h4 18. g3 O-O-O 19. Rhe1 Kb8 20. Na4 hxg3
21. hxg3 Rh3 22. Qg2 Rdh8 23. Rh1 Rxh1 24. Rxh1 Rxh1+ 25. Qxh1 Nxe4 26. Qh8+
Qc8 27. Qxc8+ Kxc8 28. fxe4 Bxe4 29. Nc3 Nf6 30. Nxe4 Nxe4 31. g4 Nf2 32. g5 g6
33. c4 Ne4 34. d5 Nxg5 35. dxe6 Nxe6 36. Kd2 Kd7 37. Ke3 Kd6 38. Bd1 Ke5 39. b4
f5 40. c5 g5 41. Be2 g4 42. b5 cxb5 43. Bxb5 Nxc5 44. Bf1 f4+ 45. Kf2 Ne4+ 46.
Kg1 f3 47. a4 g3 48. a5 Nd2 0-1

[Event "CAN-op"]
[Site "Ottawa CAN"]
[Date "2013.07.14"]
[Round "2"]
[White "Samsonkin, Artiom"]
[Black "Zhou, Qiyu"]
[Result "1-0"]
[WhiteElo "2557"]
[BlackElo "2160"]
[PlyCount "77"]
[EventDate "2013.07.13"]
[EventType "swiss"]
[EventRounds "9"]
[EventCountry "CAN"]

1. e4 e5 2. Nf3 Nc6 3. Bb5 a6 4. Ba4 Nf6 5. O-O Be7 6. Re1 b5 7. Bb3 d6 8. c3
O-O 9. d3 Bb7 10. Nbd2 Nh5 11. Nf1 Nf4 12. Ng3 Ng6 13. Nf5 Na5 14. Bc2 c5 15.
d4 Qc7 16. h4 exd4 17. h5 Ne5 18. cxd4 cxd4 19. Nxe7+ Qxe7 20. Nxd4 Bc8 21. h6
g6 22. Qd2 Nac4 23. Qc3 f6 24. b3 Nb6 25. a4 Bd7 26. Qc7 Rab8 27. Ba3 b4 28.
Bxb4 Nbc4 29. bxc4 Rxb4 30. f4 Rb2 31. Rab1 Rc8 32. Qa7 Nxc4 33. Rxb2 Nxb2 34.
Rb1 Qd8 35. Rxb2 Qa5 36. Rb1 Rc7 37. Qb8+ Kf7 38. Qd8 d5 39. e5 1-0

[Event "CAN-op"]
[Site "Ottawa CAN"]
[Date "2013.07.14"]
[Round "3"]
[White "Dougherty, Michael"]
[Black "Samsonkin, Artiom"]
[Result "0-1"]
[WhiteElo "2557"]
[BlackElo "2290"]
[PlyCount "48"]
[EventDate "2013.07.13"]
[EventType "swiss"]
[EventRounds "9"]
[EventCountry "CAN"]

1. d4 Nf6 2. c4 g6 3. Nc3 Bg7 4. e4 d6 5. f4 O-O 6. Nf3 Na6 7. Be2 e5 8. fxe5
dxe5 9. d5 Nc5 10. Qc2 Nfxe4 11. Nxe4 Bf5 12. Bd3 Bxe4 13. Bxe4 f5 14. Bg5 Bf6
15. Bxf5 Bxg5 16. Be6+ Nxe6 17. dxe6 Bh4+ 18. Ke2 Bf6 19. h4 Qe7 20. h5 Qxe6
21. Qe4 Qf5 22. Qd5+ Kh8 23. Rad1 Rad8 24. Qxb7 e4 0-1

[Event "CAN-op"]
[Site "Ottawa CAN"]
[Date "2013.07.15"]
[Round "4"]
[White "Samsonkin, Artiom"]
[Black "Short, Nigel"]
[Result "0-1"]
[WhiteElo "2557"]
[BlackElo "2697"]
[PlyCount "80"]
[EventDate "2013.07.13"]
[EventType "swiss"]
[EventRounds "9"]
[EventCountry "CAN"]

1. e4 Nc6 2. Nf3 e5 3. Bb5 Nge7 4. c3 d5 5. Nxe5 dxe4 6. d4 exd3 7. O-O Qd5 8.
Bxc6+ Nxc6 9. Nxd3 Bf5 10. Qe2+ Be7 11. Nf4 Qe5 12. Qxe5 Nxe5 13. Nd5 Bd6 14.
Bf4 Be6 15. Re1 Bxd5 16. Bxe5 O-O-O 17. Bxd6 Rxd6 18. Nd2 Rhd8 19. f3 a5 20.
Kf2 Rc6 21. Re2 a4 22. Rc1 Rb6 23. c4 Be6 24. Ne4 Rb4 25. b3 axb3 26. axb3 Rxb3
27. Ra1 Kb8 28. Rea2 c6 29. c5 Kc7 30. Nd6 Rxd6 31. cxd6+ Kxd6 32. Rd2+ Bd5 33.
Ra7 Kc5 34. Ke2 b5 35. Kd1 Rc3 36. Rxd5+ Kxd5 37. Rxf7 g6 38. f4 b4 39. Kd2 c5
40. g4 Rh3 0-1

[Event "CAN-op"]
[Site "Ottawa CAN"]
[Date "2013.07.16"]
[Round "5"]
[White "Djerkovic, Miladin"]
[Black "Samsonkin, Artiom"]
[Result "0-1"]
[WhiteElo "2287"]
[BlackElo "2557"]
[PlyCount "76"]
[EventDate "2013.07.13"]
[EventType "swiss"]
[EventRounds "9"]
[EventCountry "CAN"]

1. e4 d5 2. exd5 Qxd5 3. Nc3 Qa5 4. d4 Nf6 5. Nf3 Nc6 6. Bd2 Bg4 7. Nb5 Qb6 8.
c4 Bxf3 9. Qxf3 Nxd4 10. Nxd4 Qxd4 11. Qxb7 Qe4+ 12. Qxe4 Nxe4 13. Be3 e6 14.
Bd3 Nc5 15. Bc2 Rb8 16. O-O-O Bd6 17. Bxc5 Bxc5 18. Ba4+ Kf8 19. Rd7 Bd6 20.
Rd1 h5 21. c5 Bxc5 22. Rxc7 Bb6 23. Rcd7 Rh6 24. f3 Rg6 25. g3 h4 26. g4 Rf6
27. R1d3 Rf4 28. Bb3 h3 29. Kd1 a5 30. Ke2 Ke8 31. R7d6 a4 32. Bd1 Bc5 33. Rc6
Rxb2+ 34. Rd2 Rxd2+ 35. Kxd2 Rd4+ 36. Ke2 Bd6 37. Bc2 Bxh2 38. Ra6 Bf4 0-1

[Event "CAN-op"]
[Site "Ottawa CAN"]
[Date "2013.07.17"]
[Round "6.7"]
[White "Samsonkin, Artiom"]
[Black "Calugar, Arthur"]
[Result "1/2-1/2"]
[WhiteElo "2557"]
[BlackElo "2418"]
[PlyCount "114"]
[EventDate "2013.07.13"]
[EventType "swiss"]
[EventRounds "9"]
[EventCountry "CAN"]

1. e4 c5 2. Nf3 e6 3. Nc3 Nc6 4. Bb5 Nge7 5. O-O a6 6. Bxc6 Nxc6 7. d4 cxd4 8.
Nxd4 Be7 9. Re1 O-O 10. Nxc6 dxc6 11. Qxd8 Rxd8 12. e5 b5 13. Be3 c5 14. Ne4
Rd5 15. Rad1 Rxe5 16. Bf4 Rd5 17. Nf6+ gxf6 18. Rxd5 exd5 19. Rxe7 Bf5 20. Rc7
Re8 21. h3 c4 22. c3 Re1+ 23. Kh2 Kg7 24. Be3 Rb1 25. g4 Be6 26. f4 f5 27. Kg3
Kg6 28. Ra7 Rxb2 29. Ra8 fxg4 30. hxg4 h5 31. gxh5+ Kxh5 32. Bd4 Kg6 33. Rg8+
Kf5 34. Kf3 Bd7 35. a3 a5 36. Ra8 b4 37. Rxa5 b3 38. Rxd5+ Ke6 39. Rc5 Rh2 40.
Rxc4 b2 41. Rb4 Bc6+ 42. Ke3 f5 43. Rb6 Kd7 44. c4 Rh3+ 45. Kd2 Rxa3 46. Bxb2
Rf3 47. Be5 Be4 48. Rd6+ Kc8 49. c5 Ra3 50. Rf6 Kb7 51. Rb6+ Ka7 52. Bb8+ Ka8
53. Bd6 Rd3+ 54. Kc1 Ka7 55. Rb2 Bb7 56. Bb8+ Kxb8 57. c6 Rd4 1/2-1/2

[Event "CAN-op"]
[Site "Ottawa CAN"]
[Date "2013.07.20"]
[Round "9"]
[White "Samsonkin, Artiom"]
[Black "Piasetski, Leon"]
[Result "1-0"]
[WhiteElo "2557"]
[BlackElo "2392"]
[PlyCount "135"]
[EventDate "2013.07.13"]
[EventType "swiss"]
[EventRounds "9"]
[EventCountry "CAN"]

1. e4 g6 2. d4 Bg7 3. Nc3 c6 4. Nf3 d5 5. Bd3 Bg4 6. Be3 dxe4 7. Nxe4 Nh6 8.
Ng3 Nf5 9. Nxf5 Bxf5 10. Bxf5 Qa5+ 11. c3 Qxf5 12. Qb3 Qb5 13. Qxb5 cxb5 14. a4
bxa4 15. Rxa4 Nd7 16. Rc4 b5 17. Rc7 Nb6 18. Rb7 b4 19. cxb4 Nd5 20. Ke2 O-O
21. Ra1 a6 22. Ra5 e6 23. Bd2 Rab8 24. Rxb8 Rxb8 25. Ra4 Rb6 26. Kd3 f6 27. Ne1
Bf8 28. Kc4 Rc6+ 29. Kb3 Bd6 30. Nd3 Nc7 31. Ra1 g5 32. h3 Kf7 33. Nc5 h6 34.
h4 Kg6 35. Re1 Bf4 36. Bxf4 gxf4 37. Kc4 Kf5 38. h5 Rb6 39. Ra1 Rd6 40. Ra5 e5
41. Nb3 Nb5 42. d5 Rd8 43. Rxa6 Nd6+ 44. Kd3 e4+ 45. Kd4 Nb5+ 46. Kc4 Nd6+ 47.
Kc5 Ke5 48. Nd4 Nb7+ 49. Kc4 Nd6+ 50. Kc3 Rc8+ 51. Rc6 Kxd5 52. Rxc8 Nxc8 53.
Nf5 Ke6 54. Nxh6 f5 55. b5 Kf6 56. Ng8+ Kg7 57. b6 Nxb6 58. Ne7 Kh6 59. Nxf5+
Kxh5 60. Kd4 Kg5 61. Nd6 e3 62. fxe3 fxe3 63. Kxe3 Kg4 64. Kd4 Kg3 65. Nc4 Nd7
66. Ne3 Nb8 67. b4 Kf4 68. b5 1-0

[Event "Hart House Holidays op"]
[Site "Toronto CAN"]
[Date "2011.12.18"]
[Round "5"]
[White "Samsonkin, Artiom"]
[Black "Sambuev, Bator"]
[Result "1/2-1/2"]
[WhiteElo "2385"]
[BlackElo "2522"]
[PlyCount "61"]
[EventDate "2011.12.16"]
[EventType "swiss"]
[EventRounds "5"]
[EventCountry "CAN"]

1. e4 e6 2. d4 d5 3. e5 c5 4. c3 Nc6 5. Nf3 Qb6 6. a3 Nh6 7. b4 cxd4 8. Bxh6
gxh6 9. cxd4 Bd7 10. Ra2 Rg8 11. h3 Rc8 12. Rc2 h5 13. Qd3 h6 14. Nbd2 h4 15.
Nb3 a5 16. b5 Na7 17. a4 Bb4+ 18. Nfd2 Ke7 19. Nc5 Rxc5 20. dxc5 Bxc5 21. Qf3
Rg5 22. Qf6+ Ke8 23. Nf3 Bb4+ 24. Kd1 Bf8 25. Qf4 Rf5 26. Qxh4 Nc6 27. bxc6
Qb1+ 28. Rc1 Qb3+ 29. Rc2 Qb1+ 30. Rc1 Qb3+ 31. Rc2 1/2-1/2

[Event "Thanksgiving op"]
[Site "Toronto CAN"]
[Date "2011.10.08"]
[Round "1"]
[White "Samsonkin, Artiom"]
[Black "Ivanov, Mike"]
[Result "1-0"]
[WhiteElo "2556"]
[BlackElo "2178"]
[PlyCount "61"]
[EventDate "2011.10.08"]
[EventType "swiss"]
[EventRounds "6"]
[EventCountry "CAN"]

1. e4 e5 2. f4 d5 3. exd5 e4 4. d3 Nf6 5. dxe4 Nxe4 6. Nf3 c6 7. Bd3 Nf6 8. Nc3
cxd5 9. f5 Bc5 10. Qe2+ Be7 11. Bg5 O-O 12. O-O-O a6 13. Ne5 Nc6 14. Rhe1 d4
15. Nxc6 bxc6 16. Qxe7 dxc3 17. Bxf6 gxf6 18. bxc3 Qxe7 19. Rxe7 Rb8 20. Rc7
Re8 21. Bc4 Rf8 22. g4 h5 23. Rg1 h4 24. g5 Rb7 25. Rxb7 Bxb7 26. g6 Rc8 27.
gxf7+ Kf8 28. Be6 Ra8 29. Rg8+ Ke7 30. f8=Q+ Rxf8 31. Rg7+ 1-0

[Event "Thanksgiving op"]
[Site "Toronto CAN"]
[Date "2011.10.08"]
[Round "2"]
[White "Gusev, Nikita"]
[Black "Samsonkin, Artiom"]
[Result "1-0"]
[WhiteElo "2230"]
[BlackElo "2556"]
[PlyCount "103"]
[EventDate "2011.10.08"]
[EventType "swiss"]
[EventRounds "6"]
[EventCountry "CAN"]

1. e4 c5 2. Nf3 d6 3. d4 cxd4 4. Nxd4 Nf6 5. Nc3 Nc6 6. Bc4 Bd7 7. O-O g6 8.
Bg5 Bg7 9. Nd5 Nxd4 10. Bxf6 exf6 11. Qxd4 O-O 12. Qd2 f5 13. exf5 Bxf5 14. c3
Rc8 15. Bb3 Re8 16. Rfe1 Re5 17. f4 Rxe1+ 18. Rxe1 Be6 19. Kh1 Rc5 20. Rd1 Qh4
21. Kg1 h5 22. Nb4 Bf8 23. Qe3 Qg4 24. Bc2 a5 25. Nd3 Rc4 26. Bb3 a4 27. h3 Qf5
28. Bxc4 Bxc4 29. a3 Bh6 30. Qd4 d5 31. Ne5 Bb3 32. Rf1 f6 33. Nd3 Bc4 34. Rf3
Bf8 35. Nf2 Kg7 36. g4 Qb1+ 37. Kh2 hxg4 38. hxg4 Qxb2 39. g5 Be7 40. f5 Qe2
41. Rg3 Kf7 42. fxg6+ Kg7 43. Kh1 Qh5+ 44. Kg2 Qe2 45. Re3 Qf1+ 46. Kf3 Bd8 47.
Qh4 Kxg6 48. Qh6+ Kf5 49. Qh7+ Kxg5 50. Qg7+ Kh5 51. Re8 Be2+ 52. Rxe2 1-0

[Event "CAN-op (Pinnacle 48th CAN Op Ch)"]
[Site "Toronto CAN"]
[Date "2011.07.09"]
[Round "1"]
[White "Samsonkin, Artiom"]
[Black "Inigo, Aquino"]
[Result "1-0"]
[WhiteElo "2532"]
[BlackElo "2088"]
[PlyCount "41"]
[EventDate "2011.07.09"]
[EventType "swiss"]
[EventRounds "9"]
[EventCountry "CAN"]

1. e4 e6 2. d4 d5 3. e5 c5 4. c3 Nc6 5. Nf3 Qb6 6. a3 Nh6 7. Bd3 Bd7 8. dxc5
Bxc5 9. O-O Ng4 10. Qe2 f6 11. exf6 Nxf6 12. Bf4 O-O 13. b4 Be7 14. b5 Nd8 15.
Ne5 Be8 16. Nd2 Ne4 17. Be3 Nxc3 18. Bxh7+ Kh8 19. Qg4 d4 20. Ng6+ Bxg6 21.
Bxg6 1-0